02204nam a22002057a 450000500170000000700150001700800410003202000220007303500100009504000090010524501600011425600240027426000400029830000280033850011420036650602700150865000240177874000380180285601580184020240305165608.0cr|||| |||| 210618t2018 co |||||s|||| 00||0 spa d a978-958-762-868-5 a33434 avLex00aMarketing y plan de negocio de la microempresah[Recurso electrónico] :bPlanificación e iniciativa emprendedora en pequeños negocios o microempresas aServicio en línea aBogotá:bEdiciones de la U,c2018 a1 recurso electrónico aTodo el mundo habla del marketing, de lo importante qué es, de lo que puede influir a la hora de decidirnos por un producto, incluso aunque no lo necesitemos. Hay quien dice que todo en la sociedad es ?marketing?, que las empresas hacen marketing para convencernos de que compremos sus productos, que los políticos utilizan el marketing para ?venderse?, encontramos ?marketing? cuando entramos a una importante cadena de restaurantes, o a un centro comercial? y también se le atribuyen capacidades casi sobrenaturales: el poder de hacernos creer en cosas que antes no creíamos, de convencernos para hacer algo que no pensábamos hacer previamente, de cambiar incluso nuestros pensamientos. Este libro proporciona un conocimiento global del área que genera negocio: el marketing. Le enseña a planificar todo lo relativo a las estrategias generales de marketing, brindando un conocimiento técnico del marketing mix (producto, precio, comunicación y distribución), así como aprender a diseñar y planificar la política de producto de la empresa o negocio y crear un plan de comunicación para la marca y productos.1 aDisponible solo en los productos indicadosdvLex GlobaldvLex Global (Academic Edition, excluding Law Schools)dvLex Global (U.S. Academic Edition, Law Schools)dvLex Global (U.S. Academic Edition, excluding Law Schools)dvLex Global (Academic Edition, Law Schools)04aMarketingzColombia0 avLex Libros (Servicio en línea)40uhttps://vlex.com/source/marketing-y-plan-de-negocio-de-la-microempresa-planificacion-e-iniciativa-emprendedora-en-peque-os-negocios-o-microempresas-33434